Normal view
MARC view
- Oxford Illustrators Ltd
Entry Corporate Name
001 - CONTROL NUMBER
- control field: 100186
003 - CONTROL NUMBER IDENTIFIER
- control field: NUST
005 - DATE AND TIME OF LATEST TRANSACTION
- control field: 20221013133715.0
008 - FIXED-LENGTH DATA ELEMENTS
- fixed length control field: 221013|| aca||aabn | a|a d
040 ## - CATALOGING SOURCE
- Original cataloging agency: NUST
- Transcribing agency: NUST
110 ## - HEADING--CORPORATE NAME
- Corporate name or jurisdiction name as entry element: Oxford Illustrators Ltd
670 ## - SOURCE DATA FOUND
- Source citation: Work cat.: (NUST)183805: Rowland-Entwistle, Theodore. 100119, Weather and climate /, 1992.
